| 000 | 00341nam a22001457a 4500 | ||
|---|---|---|---|
| 003 | MACL | ||
| 005 | 20170829131251.0 | ||
| 008 | 170829b xxu||||| |||| 00| 0 eng d | ||
| 040 | _cMACL | ||
| 100 |
_aSarkar, A. N. _968909 |
||
| 245 | _aMicrofinance | ||
| 260 |
_aNew Delhi _bAtlantic _c2015 |
||
| 650 |
_aEconomic _968910 |
||
| 942 |
_2ddc _cBK |
||
| 999 |
_c56940 _d56940 |
||